000 01648cam a22004334i 4500
003 PE-LiUPU
005 20250731175640.0
008 150706s r 000 0 d
020 _a9781405881876
035 _a(Sirsi) i9781405881876
040 _aPE-LiUPU
_bspa
_cPE-LiUPU
_erda
049 _aPRUA
082 0 4 _a428.6461
_bPR 3h
_221
100 1 _aBeddall, Fiona,
_eautor.
245 1 2 _aA history of Britain /
_cFiona Beddall.
264 1 _aHarlow :
_bPearson Education,
_c2008.
300 _a41 páginas :
_bilustraciones, mapas ;
_c20 cm.
300 _a01 CD-ROM
336 _atext
_2rdacontent
337 _aunmediated
_2rdamedia
338 _avolume
_2rdacarrier
490 0 _aPenguin Readers ;
_vLevel 3
505 0 _aInvaders -- The United Kingdom -- God and government -- Parliament against king -- Power to the people -- Britain´s great empire -- Activities -- Word list.
526 _aP145
526 _aP127
526 _aP97
526 _aP35
526 _aP14
526 _aP07
541 _g002-0046574;
650 1 4 _aInglés
_vLibros de Lectura.
700 1 _aSanders, Martin,
_eil.
910 _agl
_cjck
_d20120514
942 _2ddc
_cBOOK
949 _a428.6461 PR 3H
_wDEWEY
_c1
_i64616
_lCCODEBUL1
_mBUL
_p5.00
_r0
_sY
_tBOOK
_u2015-7-6
_xEDUCACION
_PP20
_o.STAFF. Colección General
994 _aC0
_bPEPRU
596 _a1
999 _a428.6461 PR 3H
_wDEWEY
_c53326
_i64616
_d53326
_e2018-6-12
_f2021-11-8
_g5
_lCCODEBUL1
_mBUL
_n1
_p5.00
_r0
_sY
_tBOOK
_u2015-7-6
_xEDUCACION
_PP20
_0COMPRA
_o.STAFF. Colección General
980 _81
_gALBERTO SANCHEZ Responsable de Automatización